000 00409nam a2200169Ia 4500
008 230524s9999 xx 000 0 und d
020 _a9780070994096
082 _a671.52
_bLIT
100 _a"Little, Richard l"
245 0 _aWelding and Welding Technology
250 _a1
260 _aNew Delhi
_bTMH
_c2013
300 _a435;p.
500 _aQuantity Number: 45
650 _aMechanics
942 _cBK
999 _c52464
_d52464